[Event "FIDE Open World Blitz 2021"]
[Site "Warsaw"]
[Date "2021.12.30"]
[Round "21.12"]
[White "Babazada, Khazar"]
[Black "Yuffa, Daniil"]
[Result "1-0"]
[WhiteElo "2302"]
[BlackElo "2567"]
[Annotator "ChessBase"]
[PlyCount "102"]
[EventDate "2021.12.29"]
[EventType "swiss"]
[EventCountry "POL"]
[Tiebreak "Cut1 Buchholz"]
[SourceTitle "playchess.com"]
[Source "ChessBase"]
[SourceQuality "1"]

1. e4 Nf6 2. e5 Nd5 3. d4 d6 4. Nf3 dxe5 5. Nxe5 c6 6. Nf3 Bg4 7. Be2 Nd7 8.
O-O e6 9. c4 N5f6 10. Nc3 Bd6 11. h3 Bh5 12. Ng5 Bg6 13. Be3 O-O 14. f4 c5 15.
Qd2 cxd4 16. Bxd4 Bc5 17. Bxc5 Nxc5 18. Qe3 Qb6 19. b3 a5 20. Nb5 Ncd7 21. Qxb6
Nxb6 22. c5 Nbd5 23. Nd6 Rab8 24. g3 Rfd8 25. Nc4 a4 26. Ne5 Rdc8 27. bxa4 Rxc5
28. Rac1 Nc3 29. Bc4 Rxc4 30. Nxc4 Ne2+ 31. Kf2 Nxc1 32. Rxc1 Rc8 33. Ke3 Nd5+
34. Kd2 h5 35. Nf3 Rd8 36. Ke2 f6 37. h4 Bf5 38. Kf2 Nb4 39. Rc3 Nxa2 40. Rb3
Rd3 41. Rxd3 Bxd3 42. Nd6 Ba6 43. Nd4 Nc3 44. a5 e5 45. fxe5 fxe5 46. Ne6 Nd5
47. Nc5 e4 48. Ndxb7 e3+ 49. Kf3 e2 50. Kf2 Bc4 51. Nd6 Nc3 1-0

[Event "FIDE Open World Blitz 2021"]
[Site "Warsaw"]
[Date "2021.12.30"]
[Round "21.13"]
[White "Mamedov, Rauf"]
[Black "Matlakov, Maxim"]
[Result "1-0"]
[WhiteElo "2673"]
[BlackElo "2614"]
[Annotator "ChessBase"]
[PlyCount "107"]
[EventDate "2021.12.29"]
[EventType "swiss"]
[EventCountry "POL"]
[Tiebreak "Cut1 Buchholz"]
[SourceTitle "playchess.com"]
[Source "ChessBase"]
[SourceQuality "1"]

1. e4 e5 2. Nf3 Nc6 3. Bc4 Nf6 4. d4 exd4 5. e5 Ne4 6. Qe2 Nc5 7. O-O Ne6 8. c3
d5 9. exd6 Bxd6 10. cxd4 O-O 11. Be3 Nf4 12. Bxf4 Bxf4 13. Qe4 Bd6 14. Re1 Qf6
15. Nc3 Bf5 16. Qe3 Bg4 17. Ne5 Bxe5 18. dxe5 Qg6 19. h3 Bf5 20. Rad1 Rad8 21.
Nd5 h6 22. Nf4 Qg5 23. e6 fxe6 24. Nxe6 Bxe6 25. Bxe6+ Kh8 26. Qxg5 hxg5 27.
Bd5 Rd6 28. Be4 Rfd8 29. Rc1 Rd2 30. Bxc6 bxc6 31. Rxc6 Rxb2 32. Rxc7 Rdd2 33.
Rf7 Rxa2 34. Re5 Kg8 35. Rf3 g4 36. hxg4 Re2 37. Rb5 a5 38. Rb8+ Kh7 39. Rb7
Kg6 40. Rff7 Kh6 41. g3 a4 42. Ra7 a3 43. Ra6+ Kh7 44. Raa7 Kh6 45. Kg2 Red2
46. Ra6+ Kh7 47. g5 Kg8 48. g6 Rd8 49. Raa7 Kh8 50. Rxg7 Rb2 51. Rh7+ Kg8 52.
Rag7+ Kf8 53. Ra7 a2 54. Rh8# 1-0

[Event "FIDE Open World Blitz 2021"]
[Site "Warsaw"]
[Date "2021.12.30"]
[Round "21.13"]
[White "Demidov, Mikhail"]
[Black "Petrovskyi, Vadym"]
[Result "0-1"]
[WhiteElo "2592"]
[BlackElo "2377"]
[Annotator "ChessBase"]
[PlyCount "94"]
[EventDate "2021.12.29"]
[EventType "swiss"]
[EventCountry "POL"]
[Tiebreak "Cut1 Buchholz"]
[SourceTitle "playchess.com"]
[Source "ChessBase"]
[SourceQuality "1"]

1. Nf3 Nf6 2. g3 g6 3. b3 Bg7 4. Bb2 O-O 5. Bg2 d6 6. d4 Nbd7 7. O-O c6 8. c4
Re8 9. Re1 e5 10. e4 exd4 11. Nxd4 Nc5 12. Nc3 a5 13. Rb1 h5 14. h3 Qe7 15. a3
Bd7 16. b4 Ne6 17. Nf3 Rad8 18. Qc2 Bc8 19. Rbd1 Qc7 20. Na4 axb4 21. axb4 b5
22. cxb5 cxb5 23. Nc3 Qc4 24. Bf1 Qxb4 25. Nxb5 Bb7 26. Ba3 Bxe4 27. Bxb4 Bxc2
28. Rxd6 Rb8 29. Rd2 Ba4 30. Bd6 Rxb5 31. Bxb5 Bxb5 32. Be5 Bc6 33. Nh2 Ng5 34.
h4 Nfe4 35. Bxg7 Nxd2 36. Rxe8+ Bxe8 37. Bh6 Ngf3+ 38. Kg2 Nxh2 39. Bxd2 Ng4
40. Bc3 Bc6+ 41. f3 f5 42. Bd4 Kf7 43. Bc3 Ke6 44. Bd4 Bd5 45. Bc3 Kd7 46. Bd4
Kc6 47. Bc3 Kb5 0-1

[Event "FIDE Open World Blitz 2021"]
[Site "Warsaw"]
[Date "2021.12.30"]
[Round "21.14"]
[White "Holm, Kristian Stuvik"]
[Black "Fridman, Daniel"]
[Result "1-0"]
[WhiteElo "2471"]
[BlackElo "2626"]
[Annotator "ChessBase"]
[PlyCount "99"]
[EventDate "2021.12.29"]
[EventType "swiss"]
[EventCountry "POL"]
[Tiebreak "Cut1 Buchholz"]
[SourceTitle "playchess.com"]
[Source "ChessBase"]
[SourceQuality "1"]

1. Nf3 d5 2. d4 Nf6 3. c4 e6 4. Nc3 c6 5. Bg5 dxc4 6. e4 b5 7. e5 h6 8. Bh4 g5
9. Nxg5 hxg5 10. Bxg5 Be7 11. exf6 Bxf6 12. Bxf6 Qxf6 13. g3 Na6 14. Bg2 Bb7
15. Ne4 Qe7 16. O-O O-O-O 17. a4 f5 18. axb5 cxb5 19. Rxa6 Bxa6 20. Nc5 Qxc5
21. dxc5 Rxd1 22. Rxd1 b4 23. Ra1 Bb5 24. Bf1 a6 25. Rc1 Kc7 26. Bxc4 Bxc4 27.
Rxc4 a5 28. h4 Kc6 29. Kf1 Kb5 30. Rc1 Ka4 31. Ra1+ Kb3 32. Rxa5 Kxb2 33. c6 b3
34. Ke2 Kc3 35. c7 Kb4 36. Ra7 Rc8 37. Rb7+ Kc3 38. h5 Kc2 39. h6 b2 40. h7
b1=Q 41. Rxb1 Kxb1 42. Ke3 e5 43. f3 Kc2 44. g4 f4+ 45. Ke4 Kd2 46. g5 Ke2 47.
g6 Rxc7 48. h8=Q Rc4+ 49. Kxe5 Kxf3 50. Qh3+ 1-0

[Event "FIDE Open World Blitz 2021"]
[Site "Warsaw"]
[Date "2021.12.30"]
[Round "21.15"]
[White "Vidit, Santosh Gujrathi"]
[Black "Onyshchuk, Volodymyr"]
[Result "1-0"]
[WhiteElo "2727"]
[BlackElo "2622"]
[Annotator "ChessBase"]
[PlyCount "121"]
[EventDate "2021.12.29"]
[EventType "swiss"]
[EventCountry "POL"]
[Tiebreak "Cut1 Buchholz"]
[SourceTitle "playchess.com"]
[Source "ChessBase"]
[SourceQuality "1"]

1. d4 d6 2. Nf3 g6 3. g3 Bg7 4. Bg2 Nf6 5. c4 O-O 6. Nc3 Nc6 7. O-O e5 8. dxe5
dxe5 9. Be3 h6 10. Qa4 Be6 11. Rfd1 Qb8 12. Nd5 Nd7 13. Qa3 Nb6 14. Rac1 Kh7
15. h4 Qc8 16. b4 e4 17. Nd2 f5 18. Nf4 Ne5 19. Bd4 Rd8 20. Bxe5 Bxe5 21. b5
Bxf4 22. gxf4 Rd7 23. c5 Qf8 24. Qg3 Na4 25. c6 bxc6 26. Rxc6 Qf7 27. Qa3 Nb6
28. Rc2 Nc4 29. Qb4 Rad8 30. e3 Qe7 31. Qxe7+ Rxe7 32. Bf1 Nxd2 33. Rdxd2 Rxd2
34. Rxd2 Rd7 35. Rc2 Kg7 36. Bc4 Bxc4 37. Rxc4 g5 38. hxg5 hxg5 39. fxg5 Kg6
40. Ra4 Rd5 41. Ra6+ Kxg5 42. a4 c6 43. Rxc6 Rd1+ 44. Kg2 Ra1 45. Ra6 Ra2 46.
Rxa7 f4 47. exf4+ Kxf4 48. b6 e3 49. Rf7+ Ke5 50. Re7+ Kd6 51. Rxe3 Rxa4 52.
Rb3 Ra8 53. b7 Rb8 54. Kf3 Kc7 55. Ke2 Re8+ 56. Kf1 Kb8 57. Rb4 Rf8 58. f4 Rf7
59. Ke2 Rf8 60. Kf3 Rf7 61. Rb5 1-0

[Event "FIDE Open World Blitz 2021"]
[Site "Warsaw"]
[Date "2021.12.30"]
[Round "21.15"]
[White "Baum, Jonasz"]
[Black "Gabuzyan, Hovhannes"]
[Result "1-0"]
[WhiteElo "2157"]
[BlackElo "2580"]
[Annotator "ChessBase"]
[PlyCount "57"]
[EventDate "2021.12.29"]
[EventType "swiss"]
[EventCountry "POL"]
[Tiebreak "Cut1 Buchholz"]
[SourceTitle "playchess.com"]
[Source "ChessBase"]
[SourceQuality "1"]

1. d4 Nf6 2. c4 c5 3. d5 b5 4. cxb5 a6 5. e3 e6 6. Nc3 exd5 7. Nxd5 Bb7 8.
Nxf6+ Qxf6 9. Nf3 Bd6 10. bxa6 Nxa6 11. Bd2 O-O 12. Bc3 Qh6 13. Bc4 Nc7 14. h4
Rad8 15. Qb3 Be4 16. Ng5 Bg6 17. O-O-O Be7 18. h5 Bxh5 19. Nxf7 Rxf7 20. g4 d5
21. Rxd5 Nxd5 22. Bxd5 Rxd5 23. Qxd5 Qg6 24. gxh5 Qg4 25. h6 gxh6 26. Qa8+ Bf8
27. Qd5 c4 28. a4 Qf5 29. Rg1+ 1-0

[Event "FIDE Open World Blitz 2021"]
[Site "Warsaw"]
[Date "2021.12.30"]
[Round "21.16"]
[White "Volokitin, Andrei"]
[Black "Blohberger, Felix"]
[Result "1/2-1/2"]
[WhiteElo "2656"]
[BlackElo "2490"]
[Annotator "ChessBase"]
[PlyCount "104"]
[EventDate "2021.12.29"]
[EventType "swiss"]
[EventCountry "POL"]
[Tiebreak "Cut1 Buchholz"]
[SourceTitle "playchess.com"]
[Source "ChessBase"]
[SourceQuality "1"]

1. e4 c5 2. Nf3 d6 3. d4 cxd4 4. Nxd4 Nf6 5. Nc3 a6 6. g3 Bd7 7. Bg2 Nc6 8. O-O
e6 9. b3 Be7 10. Bb2 O-O 11. Nce2 Rb8 12. c4 Nxd4 13. Bxd4 Bc6 14. Nc3 b5 15.
e5 dxe5 16. Bxe5 Bxg2 17. Kxg2 Rb7 18. Qf3 Qa8 19. cxb5 axb5 20. a4 bxa4 21.
Rxa4 Ra7 22. Rfa1 Qxf3+ 23. Kxf3 Rb7 24. Ra7 Rxb3 25. Rxe7 Nd5 26. Rd7 Nxc3 27.
Rd3 Nb1 28. Ke2 Rxd3 29. Kxd3 Rd8+ 30. Kc2 f6 31. Bf4 Rc8+ 32. Kxb1 e5 33. Be3
Kf7 34. Kb2 g5 35. g4 Rc4 36. h3 h5 37. Kb3 Re4 38. Ra4 Rxa4 39. Kxa4 hxg4 40.
hxg4 f5 41. Bxg5 Kg6 42. Bh4 fxg4 43. Kb3 Kf5 44. Kc3 Ke4 45. Kd2 Kf3 46. Kd3
e4+ 47. Kd4 Kf4 48. Bg3+ Kf3 49. Bh4 Kf4 50. Bg3+ Kf3 51. Bh4 Kf4 52. Kd5 e3
1/2-1/2

[Event "FIDE Open World Blitz 2021"]
[Site "Warsaw"]
[Date "2021.12.30"]
[Round "21.16"]
[White "Adly, Ahmed"]
[Black "Indjic, Aleksandar"]
[Result "1/2-1/2"]
[WhiteElo "2602"]
[BlackElo "2603"]
[Annotator "ChessBase"]
[PlyCount "150"]
[EventDate "2021.12.29"]
[EventType "swiss"]
[EventCountry "POL"]
[Tiebreak "Cut1 Buchholz"]
[SourceTitle "playchess.com"]
[Source "ChessBase"]
[SourceQuality "1"]

1. Nf3 d5 2. g3 Nc6 3. d4 Bf5 4. Bg2 Nb4 5. Na3 e6 6. O-O h6 7. c3 Nc6 8. Nc2
Bd6 9. Nce1 Nf6 10. Nd3 O-O 11. Nfe5 Bxe5 12. dxe5 Nd7 13. f4 Ne7 14. Be3 b6
15. Bf2 c5 16. b4 Qc7 17. Qa4 Rac8 18. bxc5 bxc5 19. Qa6 Be4 20. Rfb1 Nb6 21.
Bxe4 dxe4 22. Nxc5 Qc6 23. Qxa7 Ned5 24. Nxe4 Ra8 25. Rxb6 Nxb6 26. Nf6+ gxf6
27. Qxb6 Qxc3 28. Qd4 Qxd4 29. Bxd4 Ra4 30. e3 f5 31. Bc5 Rc8 32. Bd6 Rc2 33.
a3 Rac4 34. Rf1 Re2 35. Rf2 Rc1+ 36. Kg2 Rcc2 37. Rxe2 Rxe2+ 38. Kf3 Rxh2 39.
e4 Rb2 40. exf5 exf5 41. Bc5 Rb3+ 42. Kg2 Kh7 43. Kh3 Kg6 44. a4 Rc3 45. Bb6
Ra3 46. a5 Ra2 47. Bd8 h5 48. Bb6 h4 49. gxh4 Ra3+ 50. Kg2 Kh5 51. Bd8 Kg4 52.
Bg5 Ra2+ 53. Kf1 Rxa5 54. Ke2 Ra3 55. Kd2 Rh3 56. Ke2 Rb3 57. Kd2 Rf3 58. Ke2
Kg3 59. h5 Rf2+ 60. Ke3 Rh2 61. h6 Kg4 62. Kd4 Kh5 63. Kd5 Kg6 64. Kd6 Ra2 65.
Ke7 Ra8 66. Kd7 Ra2 67. Ke7 Ra7+ 68. Ke8 Ra8+ 69. Ke7 Ra4 70. Ke8 Ra8+ 71. Ke7
Rh8 72. Kd7 Kh5 73. Ke7 Kg6 74. Kd7 Ra8 75. Ke7 Ra7+ 1/2-1/2

[Event "FIDE Open World Blitz 2021"]
[Site "Warsaw"]
[Date "2021.12.30"]
[Round "21.17"]
[White "Maghsoodloo, Parham"]
[Black "Sargsyan, Shant"]
[Result "1/2-1/2"]
[WhiteElo "2706"]
[BlackElo "2628"]
[Annotator "ChessBase"]
[PlyCount "153"]
[EventDate "2021.12.29"]
[EventType "swiss"]
[EventCountry "POL"]
[Tiebreak "Cut1 Buchholz"]
[SourceTitle "playchess.com"]
[Source "ChessBase"]
[SourceQuality "1"]

1. d4 Nf6 2. Nf3 d5 3. Bf4 Bf5 4. e3 e6 5. Nbd2 Bd6 6. Ne5 h6 7. Bd3 Bxd3 8.
cxd3 Nbd7 9. O-O O-O 10. Rc1 Qe7 11. Qf3 Rac8 12. Rc2 c6 13. a3 Bb8 14. b4 Nxe5
15. Bxe5 Nd7 16. Bxb8 Rxb8 17. Nb3 Qd6 18. Rb1 Rfe8 19. Rcb2 e5 20. Qg3 Qe7 21.
h3 a6 22. Rc2 exd4 23. Nxd4 Ne5 24. Rc3 Qg5 25. Kh2 Qxg3+ 26. Kxg3 g6 27. a4
Nd7 28. Kf3 h5 29. Ke2 Kf8 30. Kd2 Ke7 31. Nb3 Kd6 32. a5 g5 33. Nc5 h4 34. Rf1
Rg8 35. f3 f5 36. d4 Nxc5 37. bxc5+ Kc7 38. Ke2 Rbe8 39. Kf2 Re7 40. Rb1 Rge8
41. Rcb3 Kb8 42. Re1 Kc7 43. Re2 Kb8 44. Rb1 Kc7 45. Rh1 Rh7 46. Rhe1 Rhe7 47.
g3 hxg3+ 48. Kxg3 Kd7 49. e4 fxe4 50. fxe4 Rxe4 51. Rxe4 Rxe4 52. Rb1 Kc7 53.
Rd1 Rf4 54. Rd2 Re4 55. Rd3 Kc8 56. Rd2 Kd8 57. Rd3 Ke8 58. Rd2 Kf8 59. Rd3 Kg8
60. Rd2 Kf8 61. Rd3 Rf4 62. Rf3 Rxf3+ 63. Kxf3 Kf7 64. Kg3 Kg7 65. Kf3 Kh6 66.
Kf2 Kg6 67. Kg2 Kf6 68. Kf2 Kf7 69. Kg2 Kg6 70. Kf2 Kh5 71. Kg3 Kg6 72. Kg2 Kf6
73. Kf2 Kf5 74. Kf3 Kf6 75. Kf2 Kg6 76. Kg2 Kh6 77. Kf2 1/2-1/2

[Event "FIDE Open World Blitz 2021"]
[Site "Warsaw"]
[Date "2021.12.30"]
[Round "21.17"]
[White "Jumabayev, Rinat"]
[Black "Gumularz, Szymon"]
[Result "1-0"]
[WhiteElo "2658"]
[BlackElo "2396"]
[Annotator "ChessBase"]
[PlyCount "87"]
[EventDate "2021.12.29"]
[EventType "swiss"]
[EventCountry "POL"]
[Tiebreak "Cut1 Buchholz"]
[SourceTitle "playchess.com"]
[Source "ChessBase"]
[SourceQuality "1"]

1. d4 d6 2. e4 Nf6 3. Nc3 c6 4. Be3 Qb6 5. Bc1 e5 6. Nf3 Bg4 7. d5 Nbd7 8. Be2
Be7 9. O-O O-O 10. h3 Bh5 11. dxc6 bxc6 12. Nh4 Bxe2 13. Qxe2 g6 14. Rd1 Rfe8
15. Nf3 Bf8 16. Rb1 Rad8 17. b3 Qb7 18. Bg5 d5 19. Nh2 Be7 20. Bxf6 Nxf6 21.
Ng4 Nxg4 22. Qxg4 Bb4 23. Na4 Rf8 24. Qe2 Qe7 25. c4 dxe4 26. Qxe4 Qe6 27. Qe3
Qe7 28. Qe4 Qe6 29. Qe3 Qe7 30. c5 f5 31. Qe2 Ba5 32. b4 Bc7 33. b5 cxb5 34.
Qxb5 e4 35. Qc4+ Kg7 36. c6 Kh6 37. Qc5 Qg5 38. Qxa7 Qf4 39. g3 Qe5 40. Rd7
Rxd7 41. cxd7 f4 42. Qc5 Qf6 43. g4 Qh4 44. Qxf8+ 1-0

[Event "FIDE Open World Blitz 2021"]
[Site "Warsaw"]
[Date "2021.12.30"]
[Round "21.18"]
[White "Gelfand, Boris"]
[Black "Cheparinov, Ivan"]
[Result "1/2-1/2"]
[WhiteElo "2674"]
[BlackElo "2594"]
[Annotator "ChessBase"]
[PlyCount "43"]
[EventDate "2021.12.29"]
[EventType "swiss"]
[EventCountry "POL"]
[Tiebreak "Cut1 Buchholz"]
[SourceTitle "playchess.com"]
[Source "ChessBase"]
[SourceQuality "1"]

1. Nf3 d5 2. d4 Nf6 3. c4 e6 4. g3 Bb4+ 5. Bd2 a5 6. Bg2 O-O 7. Qc1 Be7 8. O-O
c6 9. Bf4 Nbd7 10. Rd1 b6 11. Ne5 Bb7 12. cxd5 cxd5 13. Nc6 Bxc6 14. Qxc6 Rc8
15. Qb5 Nh5 16. Bd2 Nhf6 17. Nc3 Ne8 18. Qd3 Nd6 19. b3 f5 20. Rac1 Nf6 21. Nb5
Qd7 22. Nxd6 1/2-1/2

[Event "FIDE Open World Blitz 2021"]
[Site "Warsaw"]
[Date "2021.12.30"]
[Round "21.18"]
[White "Klimkowski, Jan"]
[Black "Janik, Igor"]
[Result "0-1"]
[WhiteElo "2015"]
[BlackElo "2508"]
[Annotator "ChessBase"]
[PlyCount "123"]
[EventDate "2021.12.29"]
[EventType "swiss"]
[EventCountry "POL"]
[Tiebreak "Cut1 Buchholz"]
[SourceTitle "playchess.com"]
[Source "ChessBase"]
[SourceQuality "1"]

1. e4 d6 2. d4 Nf6 3. Nc3 c6 4. Nf3 g6 5. Bg5 Bg7 6. Qd2 h6 7. Bxf6 Bxf6 8. h3
Bg7 9. O-O-O b5 10. Kb1 O-O 11. Ne2 Qb6 12. Ng3 c5 13. dxc5 dxc5 14. e5 Nc6 15.
Bd3 Be6 16. Qe3 Rad8 17. Be4 Nb4 18. a3 Nd5 19. Bxd5 Bxd5 20. Ne4 b4 21. a4 b3
22. cxb3 Bxe4+ 23. Qxe4 Qxb3 24. Qc2 Qb4 25. Rxd8 Rxd8 26. Rc1 Rb8 27. Rd1 e6
28. Rd3 Rc8 29. Rc3 c4 30. Nd2 Bxe5 31. Rxc4 Rxc4 32. Nxc4 Bf6 33. Qd3 Kg7 34.
Ka2 Qxa4+ 35. Kb1 Qb4 36. Qe2 a5 37. Qc2 a4 38. g4 Bd4 39. Ka2 Bxf2 40. Ne5 Bg3
41. Nc6 Qb5 42. Qc3+ e5 43. Nb4 Bf4 44. Nd3 Qd5+ 45. Ka3 Bg3 46. Kxa4 h5 47.
gxh5 gxh5 48. b4 h4 49. b5 Kg6 50. Nb4 Qa8+ 51. Kb3 e4 52. b6 Qb7 53. Qc5 Qd7
54. Nd5 Qe6 55. b7 e3 56. Qc2+ Kh6 57. Kc4 e2 58. Qd2+ Kg6 59. Qd3+ f5 60.
Qxg3+ hxg3 61. b8=Q e1=Q 62. Kd4 0-1

[Event "FIDE Open World Blitz 2021"]
[Site "Warsaw"]
[Date "2021.12.30"]
[Round "21.19"]
[White "Muradli, Mahammad"]
[Black "Svane, Rasmus"]
[Result "1/2-1/2"]
[WhiteElo "2571"]
[BlackElo "2628"]
[Annotator "ChessBase"]
[PlyCount "132"]
[EventDate "2021.12.29"]
[EventType "swiss"]
[EventCountry "POL"]
[Tiebreak "Cut1 Buchholz"]
[SourceTitle "playchess.com"]
[Source "ChessBase"]
[SourceQuality "1"]

1. c4 Nf6 2. Nc3 e5 3. Nf3 Nc6 4. d3 d5 5. cxd5 Nxd5 6. e3 Nxc3 7. bxc3 Bd6 8.
Be2 O-O 9. e4 Bc5 10. O-O Qd6 11. Be3 Bxe3 12. fxe3 Be6 13. d4 Bg4 14. Qb3 b6
15. Rad1 Rad8 16. Qb5 Rfe8 17. Bc4 Bh5 18. Bd5 Ne7 19. Bb3 c6 20. Qxe5 Qh6 21.
Qf4 Qxf4 22. exf4 Ng6 23. f5 Nf4 24. Rde1 c5 25. h3 Kf8 26. g4 Nxh3+ 27. Kg2
Bxg4 28. Nh2 h5 29. Nxg4 hxg4 30. Kg3 Ng5 31. Bd5 Nh7 32. Bc6 Re7 33. Rh1 Kg8
34. Rd1 Rc7 35. d5 Nf6 36. Kf4 Ne8 37. Bxe8 Rxe8 38. d6 Rd7 39. e5 g3 40. Rhg1
Red8 41. Rxg3 f6 42. exf6 Rxd6 43. Rxg7+ Kf8 44. Rdg1 R8d7 45. Rg8+ Kf7 46.
R1g6 Rd1 47. R8g7+ Kf8 48. Rg8+ Kf7 49. R8g7+ Kf8 50. Rxd7 Rxd7 51. Rh6 Rd3 52.
Rh7 Rxc3 53. Rxa7 Rc1 54. f7 Kg7 55. Ke5 c4 56. f8=Q+ Kxf8 57. Kf6 Ke8 58. Rb7
Rb1 59. a4 c3 60. Rc7 Rc1 61. Ke6 Kd8 62. Rc4 c2 63. Kf7 Rf1 64. Rxc2 Rxf5+ 65.
Ke6 Ra5 66. Rc6 Rxa4 1/2-1/2

[Event "FIDE Open World Blitz 2021"]
[Site "Warsaw"]
[Date "2021.12.30"]
[Round "21.19"]
[White "Costachi, Mihnea"]
[Black "Thybo, Jesper Sondergaard"]
[Result "1-0"]
[WhiteElo "2463"]
[BlackElo "2195"]
[Annotator "ChessBase"]
[PlyCount "75"]
[EventDate "2021.12.29"]
[EventType "swiss"]
[EventCountry "POL"]
[Tiebreak "Cut1 Buchholz"]
[SourceTitle "playchess.com"]
[Source "ChessBase"]
[SourceQuality "1"]

1. d4 Nf6 2. c4 e6 3. Nf3 d5 4. Nc3 dxc4 5. e3 a6 6. Bxc4 b5 7. Bb3 Bb7 8. O-O
Nbd7 9. e4 b4 10. e5 bxc3 11. exf6 Qxf6 12. bxc3 Bd6 13. Ba4 Bxf3 14. Qxf3 Qxf3
15. gxf3 Ke7 16. Bc6 Rab8 17. c4 Rb6 18. Bxd7 Kxd7 19. c5 Rb5 20. cxd6 cxd6 21.
Be3 Rhb8 22. Rfc1 g5 23. Rc3 f5 24. f4 g4 25. Rac1 R8b7 26. Rc8 Rb1 27. R8c3
Rxc1+ 28. Bxc1 Rb4 29. Be3 Ra4 30. a3 h5 31. Kg2 h4 32. f3 Ra5 33. Bf2 Ra4 34.
Rd3 gxf3+ 35. Kxf3 Kc6 36. Bxh4 Kd5 37. Bf6 Rc4 38. h4 1-0

[Event "FIDE Open World Blitz 2021"]
[Site "Warsaw"]
[Date "2021.12.30"]
[Round "21.20"]
[White "Murzin, Volodar"]
[Black "Caruana, Fabiano"]
[Result "0-1"]
[WhiteElo "2519"]
[BlackElo "2791"]
[Annotator "TA"]
[PlyCount "109"]
[EventDate "2021.12.29"]
[EventType "swiss"]
[EventCountry "POL"]
[Tiebreak "Cut1 Buchholz"]
[SourceTitle "playchess.com"]
[Source "ChessBase"]
[SourceQuality "1"]

1. e4 c5 2. Nf3 e6 3. g3 Nc6 4. Bg2 Nf6 5. Qe2 e5 6. O-O Be7 7. Nc3 O-O 8. Nd5
d6 9. c3 Be6 10. Ne1 Re8 11. Nc2 Bf8 12. Nce3 Bxd5 13. exd5 Nb8 14. d3 Nbd7 15.
a4 b6 16. Bd2 a6 17. c4 a5 18. Bc3 g6 19. Rae1 h5 20. Nc2 Nh7 21. Na3 f5 22.
Nb5 Ndf6 23. Kh1 h4 24. Qd2 hxg3 25. hxg3 Ng4 26. Kg1 Bh6 27. Qd1 Qd7 28. Bd2
Bxd2 29. Qxd2 Kg7 30. f3 Nh6 31. Bh3 Nf7 32. f4 Nf6 33. Kg2 Rh8 34. Rh1 Rh5 35.
Rh2 Rah8 36. Reh1 exf4 37. gxf4 Rh4 38. Kg1 Qe7 39. Bg2 Ng4 40. Rxh4 Rxh4 41.
Rxh4 Qxh4 42. Nc7 Qh2+ 43. Kf1 Qg3 44. Ne6+ Kh6 45. Qe2 g5 46. Nxg5 Ne3+ 47.
Kg1 Nxg5 48. fxg5+ Kxg5 49. Qf3 Qe1+ 50. Bf1 f4 51. b3 Qg3+ 52. Bg2 Nxg2 53.
Qxg3+ fxg3 54. Kxg2 Kf4 55. Kg1 0-1

[Event "FIDE Open World Blitz 2021"]
[Site "Warsaw"]
[Date "2021.12.30"]
[Round "21.20"]
[White "Samunenkov, Ihor"]
[Black "Kozak, Adam"]
[Result "1-0"]
[WhiteElo "2348"]
[BlackElo "2532"]
[Annotator "ChessBase"]
[PlyCount "109"]
[EventDate "2021.12.29"]
[EventType "swiss"]
[EventCountry "POL"]
[Tiebreak "Cut1 Buchholz"]
[SourceTitle "playchess.com"]
[Source "ChessBase"]
[SourceQuality "1"]

1. d4 g6 2. e4 Bg7 3. Nc3 d6 4. g3 a6 5. a4 Nc6 6. Nge2 Bg4 7. Be3 Bf3 8. Rg1
Nf6 9. Qd3 Nb4 10. Qd2 a5 11. Bg2 Bxg2 12. Rxg2 Qd7 13. f4 O-O 14. Kf1 Qc6 15.
d5 Qc4 16. b3 Qa6 17. Rd1 c6 18. Kg1 Rac8 19. Bd4 cxd5 20. exd5 Rfe8 21. Nc1
Bf8 22. Bf2 Bg7 23. Bd4 Bh6 24. Re2 Nbxd5 25. Nxd5 Nxd5 26. Bb2 Qb6+ 27. Kf1
Nf6 28. Nd3 Bg7 29. Kg2 Qc6+ 30. Kg1 b6 31. Rde1 e6 32. Rd1 Red8 33. Nf2 Qc7
34. Bd4 Nd5 35. Bxg7 Kxg7 36. Ne4 Qe7 37. Qd4+ Kg8 38. c4 Nc7 39. Nf6+ Kf8 40.
Nxh7+ Kg8 41. Nf6+ Kf8 42. Nd5 e5 43. Nxe7 exd4 44. Nxc8 Rxc8 45. Rxd4 Rd8 46.
Kf2 Ne6 47. Rd5 Nc5 48. Re3 Nb7 49. Rb5 Nc5 50. Rxb6 d5 51. cxd5 Rxd5 52. Rb5
Kg7 53. Kf3 f6 54. Rc3 Nxa4 55. bxa4 1-0

[Event "FIDE Open World Blitz 2021"]
[Site "Warsaw"]
[Date "2021.12.30"]
[Round "21.21"]
[White "Santos Latasa, Jaime"]
[Black "Niemann, Hans Moke"]
[Result "0-1"]
[WhiteElo "2561"]
[BlackElo "2635"]
[Annotator "ChessBase"]
[PlyCount "74"]
[EventDate "2021.12.29"]
[EventType "swiss"]
[EventCountry "POL"]
[Tiebreak "Cut1 Buchholz"]
[SourceTitle "playchess.com"]
[Source "ChessBase"]
[SourceQuality "1"]

1. e4 c5 2. Nf3 d6 3. d4 cxd4 4. Nxd4 Nf6 5. Nc3 Nc6 6. Bg5 e6 7. Qd2 a6 8.
O-O-O Bd7 9. f3 b5 10. Kb1 Be7 11. h4 b4 12. Nxc6 Bxc6 13. Ne2 d5 14. Nd4 Bb7
15. e5 Nd7 16. f4 Bxg5 17. hxg5 Qb6 18. g4 O-O-O 19. Rh3 Nc5 20. Bg2 Kb8 21.
Qe3 Ne4 22. Nb3 d4 23. Qe2 d3 24. Rhxd3 Rxd3 25. Rxd3 Qf2 26. Qxf2 Nxf2 27. Rd2
Bxg2 28. Rxf2 Bd5 29. Rh2 Bf3 30. Rh4 Rc8 31. Rxh7 Rc4 32. Rxg7 Be4 33. a4 Rxc2
34. Ka1 Bd5 35. Ka2 Rf2 36. Rxf7 Rf3 37. g6 Bxb3+ 0-1

[Event "FIDE Open World Blitz 2021"]
[Site "Warsaw"]
[Date "2021.12.30"]
[Round "21.22"]
[White "Donchenko, Alexander"]
[Black "Karjakin, Sergey"]
[Result "1-0"]
[WhiteElo "2645"]
[BlackElo "2743"]
[Annotator "ChessBase"]
[PlyCount "102"]
[EventDate "2021.12.29"]
[EventType "swiss"]
[EventCountry "POL"]
[Tiebreak "Cut1 Buchholz"]
[SourceTitle "playchess.com"]
[Source "ChessBase"]
[SourceQuality "1"]

1. Nf3 Nf6 2. c4 e6 3. g3 d5 4. Bg2 d4 5. d3 c5 6. e4 Nc6 7. e5 Nd7 8. Bf4 Be7
9. h4 Qc7 10. Qe2 b6 11. Nbd2 Bb7 12. O-O h6 13. h5 O-O-O 14. Ne4 Kb8 15. a3 a5
16. Rfb1 g5 17. hxg6 fxg6 18. b4 cxb4 19. axb4 Bxb4 20. Nd6 Bxd6 21. exd6 Qc8
22. Qxe6 g5 23. Bd2 Rde8 24. Qh3 Re2 25. c5 Nxc5 26. Qh5 g4 27. d7 Nxd7 28.
Bf4+ Ka8 29. Nxd4 Re5 30. Bxe5 Ncxe5 31. Rxa5+ bxa5 32. Bxb7+ Qxb7 33. Rxb7
Kxb7 34. Qf5 Rc8 35. Qe4+ Kb6 36. Qd5 Rc5 37. Qd6+ Kb7 38. Kg2 a4 39. Ne6 Rc1
40. Qb4+ Kc6 41. Qxa4+ Kb6 42. Qb3+ Kc6 43. Nd4+ Kc7 44. Qe6 Rd1 45. Nb5+ Kd8
46. d4 Nf3 47. Qxg4 Ne1+ 48. Kh3 Rb1 49. Qg8+ Ke7 50. Qh7+ Ke6 51. Qxb1 Kd5 1-0

[Event "FIDE Open World Blitz 2021"]
[Site "Warsaw"]
[Date "2021.12.30"]
[Round "21.22"]
[White "Heimann, Andreas"]
[Black "Dragnev, Valentin"]
[Result "1/2-1/2"]
[WhiteElo "2584"]
[BlackElo "2396"]
[Annotator "ChessBase"]
[PlyCount "115"]
[EventDate "2021.12.29"]
[EventType "swiss"]
[EventCountry "POL"]
[Tiebreak "Cut1 Buchholz"]
[SourceTitle "playchess.com"]
[Source "ChessBase"]
[SourceQuality "1"]

1. e4 d5 2. exd5 Qxd5 3. Nc3 Qa5 4. d4 Nf6 5. Nf3 Bf5 6. Bc4 Nbd7 7. O-O e6 8.
Bd2 c6 9. Nd5 Qd8 10. Nxf6+ Nxf6 11. c3 Be7 12. Re1 O-O 13. h3 h6 14. Qe2 b5
15. Bb3 a5 16. a4 b4 17. Ne5 Qc7 18. g4 Be4 19. g5 hxg5 20. Bxg5 Bf5 21. Qf3
bxc3 22. bxc3 Rab8 23. Qxc6 Rfc8 24. Qxc7 Rxc7 25. Bc4 Rbc8 26. Ba6 Ra8 27. Bc4
Rac8 28. Bf1 Rxc3 29. Bd2 Rc2 30. Bxa5 Nd5 31. Re2 Rxe2 32. Bxe2 Nf4 33. Bf1
Bxh3 34. Bd2 Bxf1 35. Kxf1 Nd5 36. a5 f6 37. Nd7 Ra8 38. a6 Nc7 39. a7 Nb5 40.
Ra5 Rxa7 41. Nxf6+ Bxf6 42. Rxb5 Bxd4 43. Be3 Ra1+ 44. Ke2 Ra2+ 45. Kf3 Bf6 46.
Ke4 Kf7 47. Rb7+ Kg6 48. Rb6 Ra4+ 49. Kf3 Kf5 50. Rb5+ e5 51. Ke2 Ra2+ 52. Kf3
Ra3 53. Ke2 Ra4 54. f4 Ke4 55. fxe5 Ra2+ 56. Bd2 Bg5 57. Rb4+ Kxe5 58. Rb5+
1/2-1/2